| Tag |
First Indicator |
Second Indicator |
Subfields |
| LEADER |
00000cam a2200000Ia 4500 |
| 001 |
in00002204635 |
| 005 |
20151104132429.0 |
| 008 |
070116s2006 caua b 001 0 eng d |
| 020 |
|
|
|a 159059746X
|
| 020 |
|
|
|a 9781590597460
|
| 029 |
1 |
|
|a YDXCP
|b 2459646
|
| 035 |
|
|
|a (OCoLC)ocm78212656
|
| 040 |
|
|
|a UAB
|c UAB
|d YDXCP
|d TXA
|d UtOrBLW
|
| 049 |
|
|
|a TXAM
|
| 050 |
|
4 |
|a QA76.9.D3
|b D38 2006
|
| 090 |
|
|
|a QA76.9.D3
|b D3682 2006
|
| 100 |
1 |
|
|a Date, C. J.
|
| 245 |
1 |
0 |
|a Date on database :
|b writings 2000-2006 /
|c C.J. Date.
|
| 264 |
|
1 |
|a Berkeley, CA :
|b Apress ;
|c [2006]
|
| 264 |
|
2 |
|a New York, NY :
|b Distributed to the book trade worldwide by Springer-Verlag,
|
| 264 |
|
4 |
|c ©2006
|
| 300 |
|
|
|a xxv, 539 pages :
|b illustrations ;
|c 25 cm.
|
| 336 |
|
|
|a text
|b txt
|2 rdacontent
|
| 337 |
|
|
|a unmediated
|b n
|2 rdamedia
|
| 338 |
|
|
|a volume
|b nc
|2 rdacarrier
|
| 490 |
1 |
|
|a Expert's voice in database
|
| 504 |
|
|
|a Includes bibliographical references (pages xix-xxii) and index.
|
| 530 |
|
|
|a Companion eBook available.
|
| 650 |
|
0 |
|a Relational databases.
|
| 650 |
|
0 |
|a Database management.
|
| 650 |
|
0 |
|a Database design.
|
| 830 |
|
0 |
|a Expert's voice in database.
|
| 938 |
|
|
|a YBP Library Services
|b YANK
|n 2459646
|
| 994 |
|
|
|a C0
|b TXA
|
| 948 |
|
|
|a cataloged
|b h
|c 2007/1/29
|d c
|e nbehmer
|f 3:42:53 pm
|
| 999 |
|
|
|a MARS
|
| 999 |
f |
f |
|s edb4d7a1-ca42-39e7-83f1-9e34a08c056f
|i f155ade2-c74b-3e07-a159-ca7663b0da92
|t 0
|
| 952 |
f |
f |
|p normal
|a Texas A&M University
|b College Station
|c Sterling C. Evans Library
|d Evans: Library Stacks
|t 0
|e QA76.9.D3 D3682 2006
|h Library of Congress classification
|i unmediated -- volume
|m A14835497988
|
| 998 |
f |
f |
|a QA76.9.D3 D3682 2006
|t 0
|l Evans: Library Stacks
|